Meistverkaufte Autos aller Zeiten - Statistiken

Allgemein
  • Dieses Quiz wurde 579 mal gespielt
  • Das Durchschnittsergebnis liegt bei 6 aus 25
Antwortstatistiken
# Automodell Herkunft Verkäufe Start % Korrekt
3 VW Golf Deutschland 35 Mio 1974
87%
18 VW Polo Deutschland 14 Mio 1975
57%
4 VW Passat Deutschland 30 Mio 1973
52%
6 VW Käfer Deutschland 23 Mio 1938
45%
1 Toyota Corolla Japan 47,5 Mio 1966
42%
23 Mercedes C-Klasse Deutschland 10 Mio 1993
34%
25 Ford Mustang USA 10 Mio 1965
32%
10 Opel Corsa Deutschland 18 Mio 1982
29%
7 Ford Fiesta USA 19 Mio 1976
27%
19 BMW 3er Deutschland 14 Mio 1975
25%
14 Ford Focus USA 16 Mio 1998
24%
5 Honda Civic Japan 24 Mio 1972
23%
2 Ford F-Serie USA 40 Mio 1948
22%
21 Opel Astra Deutschland 11 Mio 1980
21%
17 Renault Clio Frankreich 15 Mio 1990
18%
15 Ford Model T USA 15 Mio 1908
12%
9 Lada Niva Russland 19 Mio 1979
9%
12 Honda Accord Japan 17 Mio 1976
7%
11 Ford Escort USA 18 Mio 1968
6%
24 Toyota Camry Japan 10 Mio 1982
6%
8 Toyota Hilux Japan 19 Mio 1968
4%
13 Chevrolet Impala USA 16,8 Mio 1957
2%
16 Chrysler Minivan USA 15 Mio 1983
1%
22 Mazda Familia Japan 10 Mio 1963
1%
20 Oldsmobile Cutlass USA 11,9 Mio 1961
0%
Keine übereinstimmenden Quizze gefunden
Verteilung der Resultate
Anzahl Personen mit jedem Resultat
Perzentil nach korrekt beantworteten Fragen
Ihre Resultats-Entwicklung
Sie haben dieses Quiz noch nicht gespielt